Fr. Conceicao Rodrigues College of Engineering

Information technology Project Management (Record no. 27959)

MARC details
000 -LEADER
fixed length control field 00408nam a2200181Ia 4500
082 ## - DEWEY DECIMAL CLASSIFICATION NUMBER
Classification number 5.15
Item number MAR
100 ## - MAIN ENTRY--PERSONAL NAME
Personal name Marchewka/Jack T
250 ## - EDITION STATEMENT
Edition statement 3
245 ## - TITLE STATEMENT
Title Information technology Project Management
260 ## - PUBLICATION, DISTRIBUTION, ETC.
Name of publisher, distributor, etc. Wiley India
Date of publication, distribution, etc. 2010
366 ## - TRADE AVAILABILITY INFORMATION
Publishers's discount category 25
300 ## - PHYSICAL DESCRIPTION
Extent 383
546 ## - LANGUAGE NOTE
Language note ENGLISH
-- electronics
650 ## - SUBJECT ADDED ENTRY--TOPICAL TERM
Topical term or geographic name entry element Project Management
654 ## - SUBJECT ADDED ENTRY--FACETED TOPICAL TERMS
Focus term project management
942 ## - ADDED ENTRY ELEMENTS (KOHA)
Koha item type BOOK
Holdings
Withdrawn status Lost status Damaged status Not for loan Collection Home library Current library Date acquired Source of acquisition Cost, normal purchase price Inventory number Total Checkouts Full call number Barcode Date last seen Cost, replacement price Price effective from Koha item type
        CRC Fr. Agnel's C.Rodrigues College of Engineering Fr. Agnel's C.Rodrigues College of Engineering 17/03/2023 Allied Publishers 261.75 3340 dt 15/01/2011   5.15 MAR 21259 17/03/2023 349.00   BOOK
        CRC Fr. Agnel's C.Rodrigues College of Engineering Fr. Agnel's C.Rodrigues College of Engineering 17/03/2023 Allied Publishers 261.75 3340 dt 15/01/2011   5.15 MAR 21260 17/03/2023 349.00   BOOK
        CRC Fr. Agnel's C.Rodrigues College of Engineering Fr. Agnel's C.Rodrigues College of Engineering 17/03/2023 Allied Publishers 261.75 3340 dt 15/01/2011   5.15 MAR 21261 17/03/2023 349.00   BOOK
        CRC Fr. Agnel's C.Rodrigues College of Engineering Fr. Agnel's C.Rodrigues College of Engineering 17/03/2023 Allied Publishers 261.75 3340 dt 15/01/2011   5.15 MAR 21262 17/03/2023 349.00   BOOK
        CRC Fr. Agnel's C.Rodrigues College of Engineering Fr. Agnel's C.Rodrigues College of Engineering 17/03/2023 Allied Publishers 261.75 3340 dt 15/01/2011   5.15 MAR 21263 17/03/2023 349.00   BOOK